000 00272nam a22001217a 4500
008 170713b xxu||||| |||| 00| 0 eng d
041 _aeng
080 _a038
100 _a23
101 _aFJA
245 _aWEBSTER'S NEW WORLD DICTIONARY
_cGURALNIK,D.B
942 _2udc
_cBK
999 _c20417
_d20417